000 00977cam a2200241 i 4500
005 20260223111244.0
008 250721s1997 jo gr 000 0 ara d
082 1 4 _a412
_bع ب د
100 1 _aعبد الجليل، عبد القادر
_eمؤلف.
245 1 2 _aالدلالة الصوتية والصرفية في لهجة الأقليم الشمالي /
_cالدكتور عبد القادر عبد الجليل.
246 1 1 _aPhonologiral and Morphological study of nourthern region.
250 _aالطبعة الاولى.
264 3 1 _aعمان :
_bدار صفاء للنشر والتوزيع،
_c1997.
300 _a112صفحة.
490 0 _aالدراسات اللغوية ؛
_vرقم 3.
650 1 7 _aعلم الدلالة.
650 1 7 _aاللغات العامية.
650 1 7 _aاللهجات.
650 1 7 _aاللغة العربية.
830 0 _aالدراسات اللغوية.
942 _2ddc
_cBK
999 _c10567
_d10567